Strasbourg Biggest Transfers - Statistics

General Stats
  • This quiz has been taken 18 times
  • The average score is 27 of 77
Answer Stats
% Correct
Outgoings France CB Mohamed Simakan 21/22 RB Leipzig
88%
Incomings Belgium GK Matz Sels 18/19 Newcastle United
81%
Incomings Netherlands ST Emanuel Emegha 23/24 Sturm Graz
75%
Incomings Senegal ST Habib Diallo 20/21 Metz
75%
Outgoings Senegal ST Habib Diallo 23/24 Al-Shabab
75%
Incomings France ST Ludovic Ajorque 18/19 Clermont Foot
75%
Outgoings France ST Ludovic Ajorque 22/23 Mainz
75%
Incomings Ivory Coast CB Abakar Sylla 23/24 Club Brugge
69%
Outgoings France AM Adrien Thomasson 22/23 Lens
69%
Incomings Ukraine LB Eduard Sobol 22/23 Club Brugge
69%
Incomings France CM Jean-Ricner Bellegarde 19/20 Lens
69%
Outgoings France CM Jean-Ricner Bellegarde 23/24 Wolverhampton Wanderers
69%
Incomings Serbia CB Stefan Mitrovic 18/19 Gent
69%
Outgoings Serbia CB Stefan Mitrovic 21/22 Getafe
69%
Outgoings France CM Youssouf Fofana 19/20 Monaco
69%
Outgoings France ST Kevin Gameiro 08/09 Lorient
63%
Incomings France CB Lucas Perrin 22/23 Marseille
63%
Incomings Ghana CB Alexander Djiku 19/20 Caen
56%
Incomings Ivory Coast DM Jean-Eudes Aholou 22/23 Monaco
56%
Outgoings Ivory Coast DM Jean-Eudes Aholou 18/19 Monaco
56%
Incomings France DM Jonas Martin 17/18 Real Betis
56%
Outgoings France DM Jonas Martin 19/20 Rennes
56%
Incomings France CB Junior Mwanga 23/24 Bordeaux
56%
Incomings South Africa ST Lebo Mothiba 18/19 Lille
56%
Incomings France LW Dilane Bakwa 23/24 Bordeaux
50%
Incomings Mali DM Ibrahima Sissoko 18/19 Brest
50%
Incomings France CB Ismael Doukoure 21/22 Valenciennes
50%
Incomings Serbia ST Milos Lukovic 23/24 IMT Belgrad
50%
Incomings Cape Verde ST Nuno Da Costa 17/18 Valenciennes
50%
Outgoings Cape Verde ST Nuno Da Costa 19/20 Nottingham Forest
50%
Incomings France CB Gerzino Nyamsi 21/22 Rennes
44%
Incomings Poland RB Karol Fila 21/22 Lechia Gdansk
44%
Incomings Ghana SS Majeed Waris 20/21 Porto
44%
Incomings Guinea CB Saidou Sow 23/24 Saint-Etienne
44%
Incomings Bosnia CM Sanjin Prcic 19/20 Levante
44%
Outgoings Russia AM Aleksandr Mostovoi 96/97 Celta Vigo
38%
Incomings Algeria ST Idriss Saadi 17/18 Cardiff City
38%
Incomings Ivory Coast CB Lamine Kone 19/20 Sunderland
38%
Outgoings France CB Frank Leboeuf 96/97 Chelsea
31%
Outgoings Mali DM Mahame Siby 22/23 Malmo
31%
Outgoings Senegal RB Habib Beye 03/04 Marseille
25%
Incomings France AM Youri Djorkaeff 89/90 Grenoble Dauphine
25%
Incomings Ivory Coast LB Arthur Boka 05/06 Beveren
19%
Outgoings Ivory Coast LB Arthur Boka 06/07 Stuttgart
19%
Incomings Paraguay GK Jose Luis Chilavert 00/01 Velez Sarsfield
19%
Incomings Tunisia CB Karim Haggui 04/05 ES Sahel
19%
Outgoings Tunisia CB Karim Haggui 06/07 Bayer Leverkusen
19%
Outgoings Senegal ST Mamadou Niang 05/06 Marseille
19%
Incomings France LW Mehdri Chahiri 19/20 Red Star
19%
Outgoings France DM Morgan Schneiderlin 08/09 Southampton
19%
Incomings France AM Corentin Martins 97/98 Deportivo La Coruna
13%
Outgoings France ST Ihsan Sacko 17/18 Nice
13%
Outgoings Senegal ST Magaye Gueye 10/11 Everton
13%
Incomings Austria ST Mario Haas 99/00 Sturm Graz
13%
Outgoings Austria ST Mario Haas 00/01 Sturm Graz
13%
Outgoings France DM Olivier Dacourt 98/99 Everton
13%
Incomings Brazil AM Pita 88/89 Sao Paulo
13%
Outgoings France CB Valerien Ismael 97/98 Crystal Palace
13%
Outgoings Sweden CM Alexander Farnerud 06/07 Stuttgart
6%
Incomings Ivory Coast RW Amara Diane 05/06 Reims
6%
Outgoings Ivory Coast RW Amara Diane 06/07 Paris Saint-Germain
6%
Outgoings Algeria DM Brahim Hemdani 01/02 Marseille
6%
Outgoings Mali CB Cedric Kante 06/07 Nice
6%
Incomings Serbia ST Danijel Ljuboja 00/01 Sochaux
6%
Outgoings Serbia ST Danijel Ljuboja 03/04 Paris Saint-Germain
6%
Incomings Argentina AM Diego Garay 99/00 Talleres
6%
Outgoings Gabon ST Eric Mouloungui 08/09 Nice
6%
Outgoings Algeria CB Habib Bellaid 08/09 Eintracht Frankfurt
6%
Incomings Tunisia ST Haykel Gmamdia 05/06 CS Sfaxien
6%
Outgoings France SS Mickael Pagis 05/06 Marseille
6%
Outgoings Sweden LB Mikael Dorsin 04/05 Rosenborg
6%
Outgoings France DM Olivier Echouafni 00/01 Rennes
6%
Incomings France ST Pascal Nouma 96/97 Paris Saint-Germain
6%
Outgoings France ST Pascal Nouma 98/99 Lens
6%
Outgoings France ST Peguy Luyindula 01/02 Lyon
6%
Outgoings Mali DM Sidi Keita 06/07 Lens
6%
Incomings Germany DM Wolfgang Rolff 89/90 Bayer Leverkusen
6%
No matching quizzes found
Score Distribution
Percent of People with Each Score
Percentile by Number Answered
Your Score History
You have not taken this quiz